Missing Word: Kathy Bates Quiz Stats

 Plays Quiz Updated Sep 22, 2015

Challenge
Share
Tweet
Embed
Score 0/20 Timer 02:00
0 Plays Today
Movie Title Missing Word % Correct
Around the _____ in 80 DaysWorld
99%
Charlotte's _____Web
98.7%
P.S. I _____ YouLove
98.5%
The Day the Earth Stood _____Still
98.3%
Rumor _____ It...Has
97.9%
_____ Green TomatoesFried
97.4%
_____ Black BookLittle
84.8%
Dick _____Tracy
84%
Valentine's _____Day
82.3%
Failure to _____Launch
79.1%
Movie Title Missing Word % Correct
Midnight in _____Paris
75.7%
The _____ CompassGolden
75.6%
Revolutionary _____Road
74.4%
Primary _____Colors
73.5%
The Blind _____Side
69.4%
_____ SchmidtAbout
65.1%
Bee _____Movie
64.6%
Rat _____Race
51.8%
_____ ClaiborneDolores
50.3%
Shadows and _____Fog
17.7%

Today's Daily Dose

You're not logged in!

Compare scores with friends on all Sporcle quizzes.
Join for Free
OR
Log In

You Might Also Like...

Show Comments

Extras

Top Quizzes Today


Score Distribution

Your Account Isn't Verified!

In order to create a playlist on Sporcle, you need to verify the email address you used during registration. Go to your Sporcle Settings to finish the process.

Report this User

Report this user for behavior that violates our Community Guidelines.

Details: